| 000 | 00642nam a2200217 a 4500 | ||
|---|---|---|---|
| 999 |
_c9311 _d9311 |
||
| 001 | 9311 | ||
| 003 | BD-JhCC | ||
| 005 | 20180312192725.0 | ||
| 008 | 180312b 1991xxu |||| ||a| 00| 0 ben d | ||
| 035 | _a(BD-JhCC) 9311 | ||
| 040 |
_aBD-JhCC _dBD-JhCC |
||
| 041 | _aben | ||
| 082 |
_a920 _bDEB 1991 |
||
| 100 | _aদেবনাথ, সমরেশ | ||
| 245 | _aকীর্তিমান বাঙালীদের জীবনকথা / | ||
| 260 |
_aঢাকা : _bসাহিত্যমালা ঢাকা : _c1991 |
||
| 300 |
_a175 p .: _c22 cm . |
||
| 650 | _aCollection of Biography | ||
| 942 |
_2ddc _cBK |
||